[Event "Natal Potiguar A1"]
[Site "Natal"]
[Date "2018.04.22"]
[Round "9"]
[White "Jordao Barbosa, Marcio Ferre"]
[Black "Bezerra, Flavio Rodrigo Cost"]
[Result "1/2-1/2"]
[WhiteElo "2067"]
[BlackElo "2096"]
[PlyCount "82"]
[EventDate "2018.04.13"]
[EventType "tourn"]
[EventRounds "9"]
[EventCountry "BRA"]
[SourceTitle "EXT 2019"]
[Source "ChessBase"]
[SourceDate "2018.10.10"]
[SourceVersion "1"]
[SourceVersionDate "2018.10.10"]
[SourceQuality "1"]

1. e4 c5 2. Nf3 d6 3. d4 cxd4 4. Nxd4 a6 5. g3 Nf6 6. Bg2 e5 7. Nb3 Be7 8. 0-0 0-0 9. Nc3 Nbd7 10. Be3 b5 11. a4 b4 12. Na2 a5 13. c3 Ba6 14. Re1 bxc3 15. Nxc3 Rb8 16. Bf1 Bxf1 17. Rxf1 Ng4 18. Qxg4 Rxb3 19. Bh6 Bf6 20. Rad1 Nb6 21. Nd5 Nxd5 22. Rxd5 Rxb2 23. Bd2 Ra2 24. Bxa5 Qc8 25. Qd1 Qc4 26. Rxd6 Qxa4 27. Bd8 Bxd8 28. Rxd8 Qxd1 29. Rfxd1 f6 30. Rxf8+ Kxf8 31. Rd7 Re2 32. f3 h5 33. h4 Kg8 34. Kf1 Ra2 35. Rb7 Kh7 36. Rd7 Kg6 37. Rd3 Kh6 38. Rd6 Kh7 39. Rb6 Rc2 40. Kg1 Ra2 41. Kf1 Rc2 1/2-1/2

[Event "Joao Pessoa Fischer Memorial 9th"]
[Site "Joao Pessoa"]
[Date "2018.03.18"]
[Round "5"]
[White "Queiroz, Matheus Erick Silva"]
[Black "Bezerra, Flavio Rodrigo Cost"]
[Result "0-1"]
[WhiteElo "1969"]
[BlackElo "2067"]
[PlyCount "62"]
[EventDate "2018.03.16"]
[EventType "swiss"]
[EventRounds "6"]
[EventCountry "BRA"]
[SourceTitle "CBM 183 Extra"]
[Source "ChessBase"]
[SourceDate "2018.04.19"]
[SourceVersion "1"]
[SourceVersionDate "2018.04.19"]
[SourceQuality "1"]

1. d4 d5 2. Nf3 Nf6 3. Bf4 c5 4. c3 e6 5. Nbd2 Nc6 6. e3 Bd6 7. Bg3 0-0 8. Bd3 b6 9. a4 Qc7 10. 0-0 Bxg3 11. fxg3 e5 12. Ng5 Bg4 13. Bxh7+ Kh8 14. Qc2 cxd4 15. cxd4 Rac8 16. Bf5 Bxf5 17. Qxf5 Kg8 18. Rac1 exd4 19. Qd3 Nb4 20. Qxd4 Qxc1 21. Rxc1 Rxc1+ 22. Kf2 Nc6 23. Qd3 Ne5 24. Qf5 Neg4+ 25. Ke2 Re8 26. e4 dxe4 27. h3 Nh6 28. Qf4 e3 29. Nc4 Rc2+ 30. Kd1 e2+ 31. Ke1 Nd5 0-1

[Event "Joao Pessoa Fischer Memorial 9th"]
[Site "Joao Pessoa"]
[Date "2018.03.16"]
[Round "2"]
[White "Bezerra, Flavio Rodrigo Cost"]
[Black "Borensztajn, David"]
[Result "1-0"]
[WhiteElo "2067"]
[BlackElo "1848"]
[PlyCount "107"]
[EventDate "2018.03.16"]
[EventType "swiss"]
[EventRounds "6"]
[EventCountry "BRA"]
[SourceTitle "CBM 183 Extra"]
[Source "ChessBase"]
[SourceDate "2018.04.19"]
[SourceVersion "1"]
[SourceVersionDate "2018.04.19"]
[SourceQuality "1"]

1. d4 Nf6 2. Bf4 g6 3. e3 Bg7 4. Nf3 c5 5. c3 Qb6 6. Qb3 d6 7. Nbd2 Nh5 8. Bg3 Nxg3 9. hxg3 Qxb3 10. axb3 cxd4 11. exd4 0-0 12. Bd3 Nc6 13. b4 e5 14. d5 Ne7 15. Nc4 Rd8 16. Nb6 Bg4 17. Nxa8 Rxa8 18. 0-0 h6 19. Bc4 Bd7 20. Rfe1 Kf8 21. Nd2 f5 22. Bb3 b5 23. Ra6 Nc8 24. Rea1 Ke7 25. Bc2 e4 26. g4 Kf6 27. gxf5 gxf5 28. f3 e3 29. Nb3 Ke5 30. Nd4 Bf6 31. Bd3 Bd8 32. f4+ Kxf4 33. Rf1+ Ke5 34. Bxf5 Bxf5 35. Rxf5+ Ke4 36. Rf8 Nb6 37. Kf1 Kd3 38. g3 Kd2 39. Re8 Nc4 40. b3 Nb6 41. Nxb5 Bg5 42. Ra2+ Kd3 43. Rxa8 Nxa8 44. Nxd6 Nb6 45. c4 Be7 46. Nf5 Bxb4 47. Nxe3 Kxe3 48. Rxa7 Bd6 49. Kg2 Kd4 50. Rh7 Kc5 51. Rxh6 Nc8 52. g4 Bf4 53. Rc6+ Kd4 54. Rxc8 1-0

[Event "Santa Cruz Regional Norte zt"]
[Site "Santa Cruz"]
[Date "2017.05.07"]
[Round "6"]
[White "Bezerra, Flavio Rodrigo Cost"]
[Black "Rocha, Vitor Firmo de Souz"]
[Result "1/2-1/2"]
[WhiteElo "2056"]
[BlackElo "2189"]
[PlyCount "138"]
[EventDate "2017.05.05"]
[EventType "swiss"]
[EventRounds "6"]
[EventCountry "BRA"]
[SourceTitle "EXT 2018"]
[Source "ChessBase"]
[SourceDate "2017.10.13"]
[SourceVersion "1"]
[SourceVersionDate "2017.10.13"]
[SourceQuality "1"]

1. d4 d5 2. Bf4 Nf6 3. e3 c5 4. c3 Nc6 5. Nd2 Qb6 6. Qb3 c4 7. Qxb6 axb6 8. a3 Bf5 9. h3 e6 10. Ngf3 h6 11. Be2 Be7 12. 0-0 0-0 13. Ne5 b5 14. g4 Bh7 15. g5 hxg5 16. Bxg5 Rfe8 17. Rac1 Nxe5 18. dxe5 Nd7 19. Bxe7 Rxe7 20. Nf3 Ra5 21. Rfd1 Be4 22. Ng5 Nxe5 23. Nxe4 dxe4 24. Rd8+ Kh7 25. Rcd1 Nd3 26. Rd2 Ra6 27. f3 Nc5 28. R2d4 Rc6 29. fxe4 e5 30. R4d5 b6 31. Bg4 g6 32. Bd7 Rc7 33. Bxb5 Nxe4 34. R8d7 Rexd7 35. Rxd7 Rxd7 36. Bxd7 Kg7 37. Bc6 Nd6 38. Bd5 Kf6 39. h4 Kf5 40. Bf3 g5 41. hxg5 Kxg5 42. Kf2 f6 43. Bd5 Kg4 44. Be6+ f5 45. Bd5 Kh3 46. Kf3 Kh2 47. Be6 Kg1 48. Bxf5 Kf1 49. Be6 Ke1 50. b3 cxb3 51. Bxb3 Kd2 52. Bd5 Kxc3 53. a4 Kb4 54. Bc6 Kc5 55. Ba8 Nc4 56. Ke4 Kd6 57. Kd3 Nb2+ 58. Kc3 Nxa4+ 59. Kb4 Nc5 60. Kb5 Kc7 61. Kc4 Nb7 62. Kd5 Nd6 63. Kxe5 Nc4+ 64. Kd4 Nxe3 65. Kxe3 Kd6 66. Kd4 b5 67. Be4 b4 68. Kc4 Ke5 69. Kxb4 Kxe4 1/2-1/2

[Event "Santa Cruz Regional Norte zt"]
[Site "Santa Cruz"]
[Date "2017.05.06"]
[Round "4"]
[White "Lemos, Doriedson"]
[Black "Bezerra, Flavio Rodrigo Cost"]
[Result "1-0"]
[WhiteElo "2162"]
[BlackElo "2056"]
[PlyCount "99"]
[EventDate "2017.05.05"]
[EventType "swiss"]
[EventRounds "6"]
[EventCountry "BRA"]
[SourceTitle "EXT 2018"]
[Source "ChessBase"]
[SourceDate "2017.10.13"]
[SourceVersion "1"]
[SourceVersionDate "2017.10.13"]
[SourceQuality "1"]

1. d4 d5 2. c4 dxc4 3. Nf3 Nf6 4. e3 Bg4 5. Bxc4 e6 6. 0-0 Nbd7 7. Qe2 Be7 8. e4 Nb6 9. e5 Nfd5 10. Bb3 0-0 11. Nc3 c5 12. Rd1 Nxc3 13. bxc3 Qc7 14. h3 Bh5 15. Be3 c4 16. Bc2 Bg6 17. h4 Nd5 18. Bxg6 hxg6 19. Rac1 b5 20. Ng5 a5 21. h5 Nxe3 22. Qxe3 gxh5 23. Ne4 b4 24. Qf3 f5 25. exf6 Bxf6 26. Nxf6+ gxf6 27. Qxh5 b3 28. d5 exd5 29. Rxd5 Rf7 30. Qg6+ Rg7 31. Qxf6 bxa2 32. Rcd1 Rf8 33. Qe6+ Qf7 34. Qxf7+ Rfxf7 35. Rxa5 Ra7 36. Rd8+ Kh7 37. Ra8 Rxa8 38. Rxa8 Rb7 39. Rxa2 Rb1+ 40. Kh2 Rc1 41. Ra3 Rc2 42. Kg3 Kg6 43. Kf3 Kf5 44. Ke3 Ke5 45. g4 Kd5 46. f4 Rg2 47. Ra5+ Ke6 48. Rg5 Rg3+ 49. Kd4 Rf3 50. f5+ 1-0

[Event "Joao Pessoa Fischer Memorial 8th"]
[Site "Joao Pessoa"]
[Date "2017.03.18"]
[Round "3"]
[White "Bezerra, Flavio Rodrigo Cost"]
[Black "Jales, Luiz Fabio Alves"]
[Result "1-0"]
[WhiteElo "2056"]
[BlackElo "1829"]
[PlyCount "47"]
[EventDate "2017.03.17"]
[EventType "swiss"]
[EventRounds "6"]
[EventCountry "BRA"]
[SourceTitle "CBM 177 Extra"]
[Source "ChessBase"]
[SourceDate "2017.04.27"]
[SourceVersion "1"]
[SourceVersionDate "2017.04.27"]
[SourceQuality "1"]

1. d4 Nf6 2. Bg5 Ne4 3. Bf4 d5 4. Nd2 Nd6 5. Ngf3 Bf5 6. e3 e6 7. Be2 Nd7 8. 0-0 c5 9. c4 dxc4 10. Nxc4 Nxc4 11. Bxc4 a6 12. Rc1 b5 13. Bd3 Bxd3 14. Qxd3 c4 15. Qe4 Be7 16. b3 cxb3 17. Bc7 Qc8 18. Be5 Qd8 19. Bxg7 b2 20. Rc2 Rg8 21. Qxh7 Rxg7 22. Qxg7 Bd6 23. Rb1 Rc8 24. Ng5 1-0

[Event "Joao Pessoa op 6th"]
[Site "Joao Pessoa"]
[Date "2015.03.15"]
[Round "5"]
[White "Bezerra, Flavio Rodrigo Cost"]
[Black "Andrade, Roberto Luiz Costa"]
[Result "0-1"]
[WhiteElo "2039"]
[BlackElo "2206"]
[PlyCount "102"]
[EventDate "2015.03.13"]
[EventType "swiss"]
[EventRounds "6"]
[EventCountry "BRA"]
[SourceTitle "CBM 165 Extra"]
[Source "ChessBase"]
[SourceDate "2015.04.21"]
[SourceVersion "1"]
[SourceVersionDate "2015.04.21"]
[SourceQuality "1"]

1. e4 c5 2. Nf3 a6 3. c3 d5 4. exd5 Qxd5 5. d4 Nc6 6. Be3 cxd4 7. Nxd4 e5 8. Nxc6 Qxc6 9. a4 Nf6 10. Bb5 axb5 11. axb5 Qxg2 12. Rxa8 Qxh1+ 13. Ke2 Qxd1+ 14. Kxd1 Kd7 15. Nd2 Bd6 16. f3 Nd5 17. Bg1 Rd8 18. c4 Nc7 19. Ra7 Ne6 20. Nb3 Ke8 21. Kc1 Bb8 22. Ra8 Bd7 23. Kc2 Nd4+ 24. Nxd4 exd4 25. Bxd4 Bf5+ 26. Kc3 Bxh2 27. Rxd8+ Kxd8 28. Bxg7 Bg1 29. Bh6 Kd7 30. b4 b6 31. c5 bxc5 32. bxc5 Bxc5 33. Kc4 Bb6 34. Kd5 Bd3 35. Ke5 Bxb5 36. Kf6 Ke8 37. Kg7 Bd3 38. Bg5 Bd4+ 39. Kh6 Bg6 40. Bd2 Ke7 41. Kg5 Bg7 42. Bc1 Ke6 43. Bd2 h6+ 44. Kg4 f5+ 45. Kg3 Be5+ 46. Kh4 Bf6+ 47. Kg3 Bg5 48. Bc3 h5 49. Be1 f4+ 50. Kg2 Kd5 51. Bf2 Kc4 0-1

[Event "Joao Pessoa op 6th"]
[Site "Joao Pessoa"]
[Date "2015.03.13"]
[Round "1"]
[White "Bezerra, Flavio Rodrigo Cost"]
[Black "Silva, Jailton de Lima"]
[Result "1-0"]
[WhiteElo "2039"]
[BlackElo "1664"]
[PlyCount "56"]
[EventDate "2015.03.13"]
[EventType "swiss"]
[EventRounds "6"]
[EventCountry "BRA"]
[SourceTitle "CBM 165 Extra"]
[Source "ChessBase"]
[SourceDate "2015.04.21"]
[SourceVersion "1"]
[SourceVersionDate "2015.04.21"]
[SourceQuality "1"]

1. Nf3 Nf6 2. d4 d6 3. Bg5 e6 4. Nc3 Nbd7 5. e4 Be7 6. Qd2 b6 7. 0-0-0 Bb7 8. Bd3 c5 9. Rhe1 cxd4 10. Nxd4 a6 11. f4 Qc7 12. Kb1 b5 13. a3 Qa5 14. Nf3 b4 15. axb4 Qxb4 16. e5 Rb8 17. b3 Nc5 18. Nd4 dxe5 19. fxe5 Nxd3 20. Qxd3 Nd7 21. Nxe6 Bc6 22. Nc7+ Kf8 23. N7d5 Qa5 24. Bxe7+ Ke8 25. Bd6 Rb7 26. e6 fxe6 27. Rxe6+ Kd8 28. Bc7+ Kc8 1-0

[Event "Potiguar-ch"]
[Site "Natal"]
[Date "2013.09.29"]
[Round "5.7"]
[White "Bezerra, Flavio Rodrigo Cost"]
[Black "Pinheiro, Ghabriel Alves"]
[Result "0-1"]
[WhiteElo "2066"]
[BlackElo "1822"]
[PlyCount "128"]
[EventDate "2013.09.27"]
[EventType "swiss"]
[EventRounds "9"]
[EventCountry "BRA"]
[SourceTitle "EXT 2015"]
[Source "ChessBase"]
[SourceDate "2014.11.20"]
[SourceVersion "1"]
[SourceVersionDate "2014.11.20"]
[SourceQuality "1"]

1. e4 c5 2. Nf3 Nc6 3. d4 cxd4 4. Nxd4 Nf6 5. Nc3 e5 6. Ndb5 d6 7. Bg5 a6 8. Bxf6 gxf6 9. Na3 b5 10. Nd5 Bg7 11. c3 0-0 12. Nc2 f5 13. exf5 Bxf5 14. Bd3 e4 15. Be2 Ne7 16. Nce3 Be6 17. 0-0 Rc8 18. a4 Nxd5 19. Nxd5 Qg5 20. Ne3 Rfd8 21. axb5 axb5 22. Ra5 Rc5 23. f4 Qe7 24. Qd2 Qd7 25. f5 Bxf5 26. Nxf5 Rxf5 27. Rxf5 Qxf5 28. Rxb5 d5 29. Bc4 e3 30. Qxe3 Qb1+ 31. Bf1 d4 32. Qg5 f6 33. Qg4 Kh8 34. cxd4 f5 35. Qxf5 Qxf5 36. Rxf5 Bxd4+ 37. Kh1 Bxb2 38. h4 Rd6 39. Rb5 Bf6 40. g3 h6 41. Bc4 Rd2 42. h5 Bg5 43. g4 Kg7 44. Be6 Kf6 45. Bf5 Ke7 46. Bg6 Kd6 47. Kg1 Rd5 48. Rb3 Rd2 49. Kf1 Ke5 50. Rf3 Kd4 51. Rf5 Ke3 52. Rxg5 hxg5 53. h6 Kf3 54. Ke1 Rh2 55. Bh5 Re2+ 56. Kf1 Re6 57. h7 Rh6 58. Kg1 Rxh7 59. Bg6 Rc7 60. Bf5 Kg3 61. Kf1 Re7 62. Bc8 Re4 63. Bf5 Rf4+ 64. Kg1 Rf2 0-1

[Event "Natal op"]
[Site "Natal"]
[Date "2013.09.08"]
[Round "6"]
[White "Bezerra, Flavio Rodrigo Cost"]
[Black "Simao, Diogo Roger De Sous"]
[Result "0-1"]
[WhiteElo "2066"]
[BlackElo "1953"]
[PlyCount "73"]
[EventDate "2013.09.06"]
[EventType "swiss"]
[EventRounds "6"]
[EventCountry "BRA"]
[SourceTitle "EXT 2016"]
[Source "ChessBase"]
[SourceDate "2015.10.08"]
[SourceVersion "1"]
[SourceVersionDate "2015.10.08"]
[SourceQuality "1"]

1. c4 c6 2. d4 Nf6 3. Nf3 d5 4. Nc3 Nbd7 5. Bf4 e6 6. e3 Bb4 7. Nd2 0-0 8. Bd3 Re8 9. 0-0 e5 10. Bg5 e4 11. Be2 h6 12. Bh4 Nf8 13. cxd5 Bxc3 14. bxc3 g5 15. Bg3 Nxd5 16. Qc2 Qe7 17. c4 Nb6 18. c5 Nd5 19. Nc4 f5 20. Nd6 f4 21. exf4 gxf4 22. Bh4 Qxh4 23. Nxe8 f3 24. gxf3 Bh3 25. Kh1 Bxf1 26. Rxf1 Rxe8 27. Rg1+ Kh8 28. Rg4 Qxf2 29. fxe4 Ne3 30. Rg8+ Kh7 31. Qb2 Ng6 32. Rxg6 Rf8 33. Rg1 Rf7 34. d5 Nc4 35. Qc2 Ne3 36. Qd3 Rg7 37. Rg3 0-1

[Event "Natal op"]
[Site "Natal"]
[Date "2013.09.08"]
[Round "5"]
[White "Oliveira Jr, Antonio Fernandes"]
[Black "Bezerra, Flavio Rodrigo Cost"]
[Result "0-1"]
[WhiteElo "1833"]
[BlackElo "2066"]
[PlyCount "60"]
[EventDate "2013.09.06"]
[EventType "swiss"]
[EventRounds "6"]
[EventCountry "BRA"]
[SourceTitle "EXT 2016"]
[Source "ChessBase"]
[SourceDate "2015.10.08"]
[SourceVersion "1"]
[SourceVersionDate "2015.10.08"]
[SourceQuality "1"]

1. d4 d5 2. c4 c6 3. Nf3 Nf6 4. g3 Bf5 5. Bg2 e6 6. 0-0 Nbd7 7. Qb3 Qb6 8. Qxb6 axb6 9. Nbd2 h6 10. cxd5 exd5 11. Re1 Bb4 12. a3 0-0 13. Rf1 Rfe8 14. Nb3 Bd6 15. e3 Bd3 16. Re1 Bc2 17. Nfd2 c5 18. dxc5 bxc5 19. Bf3 Ne5 20. Bd1 Bf5 21. Kg2 b6 22. Be2 Nd3 23. Rd1 Be5 24. Ra2 c4 25. Nd4 Nxc1 26. Rxc1 Bxd4 27. Bf3 Bc5 28. Nxc4 dxc4 29. Bxa8 Rxa8 30. a4 Bd7 0-1

[Event "Natal op"]
[Site "Natal"]
[Date "2013.09.06"]
[Round "2"]
[White "Pinheiro, Ghabriel Alves"]
[Black "Bezerra, Flavio Rodrigo Cost"]
[Result "1/2-1/2"]
[WhiteElo "1822"]
[BlackElo "2066"]
[PlyCount "117"]
[EventDate "2013.09.06"]
[EventType "swiss"]
[EventRounds "6"]
[EventCountry "BRA"]
[SourceTitle "EXT 2016"]
[Source "ChessBase"]
[SourceDate "2015.10.08"]
[SourceVersion "1"]
[SourceVersionDate "2015.10.08"]
[SourceQuality "1"]

1. e4 c5 2. Nf3 Nc6 3. d4 cxd4 4. Nxd4 Nf6 5. Nc3 g6 6. Bg5 Bg7 7. Nxc6 bxc6 8. Bc4 Qa5 9. Qd2 0-0 10. 0-0 d6 11. Bh6 Rb8 12. Bxg7 Kxg7 13. b3 d5 14. exd5 cxd5 15. Bd3 Ba6 16. Ne4 Qxd2 17. Nxd2 Bxd3 18. cxd3 Rfc8 19. Rac1 Ne8 20. Nf3 Nd6 21. Nd4 e6 22. Rfe1 Nf5 23. Nxf5+ gxf5 24. Kf1 a5 25. Ke2 a4 26. Rxc8 Rxc8 27. Kd2 axb3 28. axb3 Kf6 29. b4 e5 30. Rc1 Rxc1 31. Kxc1 Ke6 32. Kc2 Kd6 33. Kb3 Kc6 34. Ka4 Kb6 35. b5 e4 36. dxe4 fxe4 37. g4 Kc5 38. Ka5 d4 39. b6 e3 40. fxe3 dxe3 41. b7 e2 42. b8Q e1Q+ 43. Ka6 Qe6+ 44. Kb7 Qb6+ 45. Kc8 Qxb8+ 46. Kxb8 Kd6 47. Kc8 Ke7 48. Kc7 h5 49. h3 Ke6 50. Kc6 h4 51. Kc7 Ke5 52. Kd7 f5 53. gxf5 Kxf5 54. Kd6 Ke4 55. Ke6 Kf4 56. Kd5 Kf3 57. Ke5 Kg3 58. Ke4 Kxh3 59. Kf3 1/2-1/2

[Event "Joao Pessoa op 08"]
[Site "Joao Pessoa"]
[Date "2013.08.04"]
[Round "5"]
[White "Bezerra, Flavio Rodrigo Cost"]
[Black "Fiaes, Mario Henrique"]
[Result "1/2-1/2"]
[WhiteElo "2042"]
[BlackElo "2059"]
[PlyCount "67"]
[EventDate "2013.08.02"]
[EventType "swiss"]
[EventRounds "6"]
[EventCountry "BRA"]
[SourceTitle "CBM 155 Extra"]
[Source "ChessBase"]
[SourceDate "2013.08.26"]
[SourceVersion "1"]
[SourceVersionDate "2013.08.26"]
[SourceQuality "1"]

1. c4 e5 2. g3 Nc6 3. Bg2 f5 4. e3 Nf6 5. Nc3 Be7 6. Nge2 0-0 7. 0-0 d6 8. Nd5 Nb8 9. d3 c6 10. Nxf6+ Bxf6 11. Rb1 Be6 12. b4 a6 13. a4 d5 14. Qc2 Re8 15. f4 e4 16. cxd5 cxd5 17. Bb2 Nd7 18. Bxf6 Nxf6 19. d4 Rc8 20. Qd2 Rc4 21. Rfc1 Qc7 22. Rxc4 dxc4 23. Nc3 Nd5 24. a5 b6 25. Nxd5 Bxd5 26. axb6 Qxb6 27. Bf1 Rb8 28. Qc3 Qb5 29. Rc1 Qxb4 30. Bxc4 Bxc4 31. Qxc4+ Qxc4 32. Rxc4 g6 33. Ra4 Rb6 34. h3 1/2-1/2

[Event "Natal Potiguar op"]
[Site "Natal"]
[Date "2013.07.06"]
[Round "3"]
[White "Monte, Edmar Ferreira"]
[Black "Bezerra, Flavio Rodrigo Cost"]
[Result "0-1"]
[WhiteElo "1702"]
[BlackElo "2043"]
[PlyCount "84"]
[EventDate "2013.07.05"]
[EventType "swiss"]
[EventRounds "6"]
[EventCountry "BRA"]
[SourceTitle "EXT 2014"]
[Source "ChessBase"]
[SourceDate "2013.11.20"]
[SourceVersion "1"]
[SourceVersionDate "2013.11.20"]
[SourceQuality "1"]

1. c4 e5 2. Nc3 Nc6 3. g3 f5 4. Bg2 Nf6 5. e4 Bb4 6. Nge2 0-0 7. 0-0 d6 8. Qb3 Kh8 9. d3 fxe4 10. Nxe4 Nxe4 11. Bxe4 Bc5 12. a3 Bh3 13. Bg2 Bxg2 14. Kxg2 Qf6 15. f4 b6 16. Bd2 Nd4 17. Nxd4 Bxd4 18. Bc3 Bxc3 19. Qxc3 exf4 20. Qxf6 Rxf6 21. Rxf4 Rxf4 22. gxf4 Re8 23. Kf3 Kg8 24. Rg1 Kf7 25. h4 a5 26. a4 Re7 27. Rg2 Ke8 28. Re2 Rxe2 29. Kxe2 Kf7 30. Kf3 Kg6 31. Kg4 h5+ 32. Kf3 Kf5 33. b3 c6 34. Kg3 Ke6 35. Kf3 d5 36. Ke3 dxc4 37. dxc4 Kf5 38. Kf3 c5 39. Ke3 Kg4 40. Ke4 Kxh4 41. Kf5 Kg3 42. Kg5 h4 0-1

[Event "Fortaleza Brazil op 2nd"]
[Site "Fortaleza"]
[Date "2012.04.07"]
[Round "4"]
[White "Bezerra, Flavio Rodrigo Cost"]
[Black "Asfora, Marco Antonio Hazin"]
[Result "0-1"]
[WhiteElo "2033"]
[BlackElo "2221"]
[PlyCount "101"]
[EventDate "2012.04.05"]
[EventType "swiss"]
[EventRounds "7"]
[EventCountry "BRA"]
[SourceTitle "CBM 147 Extra"]
[Source "ChessBase"]
[SourceDate "2012.04.24"]
[SourceVersion "1"]
[SourceVersionDate "2012.04.24"]
[SourceQuality "1"]

1. e4 g6 2. d4 Bg7 3. Nc3 d6 4. Nf3 Nf6 5. h3 0-0 6. Be3 c6 7. a4 b6 8. Bc4 d5 9. Bd3 dxe4 10. Nxe4 Nd5 11. Bd2 Qc7 12. Qc1 Ba6 13. Bxa6 Nxa6 14. c3 c5 15. dxc5 Nxc5 16. Nxc5 bxc5 17. 0-0 Rab8 18. Re1 Rfe8 19. Rb1 c4 20. Qc2 e6 21. Be3 Rb7 22. Nd2 Reb8 23. Ne4 Qc6 24. Nd2 f5 25. Nf3 e5 26. Bd2 e4 27. Nd4 Bxd4 28. cxd4 Rb3 29. a5 Qb5 30. Rec1 c3 31. Be1 Rxb2 32. Rxb2 cxb2 33. Rb1 Kf7 34. Bd2 a6 35. Be1 h6 36. Bd2 g5 37. g4 Qd3 38. Rxb2 Qxc2 39. Rxc2 Rb1+ 40. Kg2 f4 41. Bc1 Ke6 42. Ba3 Kd7 43. Bc1 Nb4 44. Rb2 Rxc1 45. Rxb4 f3+ 46. Kg3 Rg1+ 47. Kh2 Rg2+ 48. Kh1 Rxf2 49. Kg1 Rd2 50. Rb3 Kd6 51. Kf1 0-1

[Event "Natal Potiguar op"]
[Site "Natal"]
[Date "2011.10.09"]
[Round "9"]
[White "Pinto, Carlos Henrique Lop"]
[Black "Bezerra, Flavio Rodrigo Cost"]
[Result "1/2-1/2"]
[WhiteElo "2126"]
[BlackElo "2013"]
[PlyCount "74"]
[EventDate "2011.10.01"]
[EventType "swiss"]
[EventRounds "9"]
[EventCountry "BRA"]
[SourceTitle "EXT 2012"]
[Source "ChessBase"]
[SourceDate "2011.11.24"]
[SourceVersion "1"]
[SourceVersionDate "2011.11.24"]
[SourceQuality "1"]

1. f4 g6 2. Nf3 Bg7 3. g3 c5 4. Bg2 Nc6 5. e4 d6 6. c3 e6 7. 0-0 Nge7 8. d3 0-0 9. Nbd2 Bd7 10. Qe1 Qc7 11. Kh1 Rab8 12. g4 b5 13. Qh4 f5 14. exf5 exf5 15. g5 b4 16. c4 Nd4 17. Nxd4 Bxd4 18. Nf3 Bg7 19. Qf2 Nc6 20. Be3 Rfe8 21. Rae1 Re7 22. Bc1 Rbe8 23. Rxe7 Rxe7 24. Re1 Bc8 25. b3 Bc3 26. Bd2 Bg7 27. Re2 Nd4 28. Nxd4 Bxd4 29. Bd5+ Kf8 30. Rxe7 Qxe7 31. Qf3 Be6 32. Bxe6 Qxe6 33. Qa8+ Qe8 34. Qf3 Qe7 35. Kg2 a5 36. Kf1 Kg7 37. h4 h5 1/2-1/2

[Event "Natal Potiguar op"]
[Site "Natal"]
[Date "2011.10.01"]
[Round "1"]
[White "Bezerra, Flavio Rodrigo Cost"]
[Black "Da Silva Filho, Ibernon Luiz"]
[Result "1-0"]
[WhiteElo "2013"]
[BlackElo "1760"]
[PlyCount "73"]
[EventDate "2011.10.01"]
[EventType "swiss"]
[EventRounds "9"]
[EventCountry "BRA"]
[SourceTitle "EXT 2012"]
[Source "ChessBase"]
[SourceDate "2011.11.24"]
[SourceVersion "1"]
[SourceVersionDate "2011.11.24"]
[SourceQuality "1"]

1. d4 c5 2. dxc5 Qa5+ 3. c3 Qxc5 4. Nf3 d5 5. Be3 Qb5 6. Qb3 Qxb3 7. axb3 Nf6 8. Rxa7 Rxa7 9. Bxa7 Nc6 10. Bc5 Ne4 11. Ba3 Na5 12. Nbd2 Nxd2 13. Nxd2 Bf5 14. e3 Nc6 15. Bb5 Kd8 16. 0-0 e5 17. Ra1 Kc7 18. f4 e4 19. Bxf8 Rxf8 20. Bxc6 Kxc6 21. b4 Rb8 22. Nb3 Bd7 23. Nd4+ Kb6 24. Ra5 Be6 25. f5 Bd7 26. Rxd5 Be8 27. Ra5 Kc7 28. Kf2 Kd6 29. Kg3 Bc6 30. Kf4 Re8 31. c4 g5+ 32. Kg3 h5 33. c5+ Kc7 34. b5 Bd7 35. c6 bxc6 36. bxc6 Bxc6 37. Rc5 1-0